000 00619nam a2200277Ia 4500
005 20260324133341.0
008 008 260324s9999 xx 000 0 eng d
020 _a9781315016702
037 _aEBOOK
040 _aCRL
040 _beng
040 _cCRL
041 _2eng
041 _aeng
084 _qCRL
100 _aW. Arthur Lewis
_91192757
245 0 _aEconomic Survey
260 _bTaylor and Francis
260 _c2003
365 _a
365 _b350
856 _uhttp://www.taylorfrancis.com/books/9781315016702
942 _cEBOOK
999 _c1791710
_d1791710